000 01724nam a2200397 i 4500
003 CO-BoRNBP
005 20220317000200.0
007 ta
008 261020r20072010sp ao er 000 0dspa d
020 _a9788434232044
040 _aCO-BoRNBP
_bspa
_erda
_cCO-BoRNBP
041 0 _aspa
082 0 4 _a746.62
_bP17e
_222
082 0 4 _a760
_bA41E
100 1 _aPascual i Miró, Eva
_eautora
245 1 0 _aEstampación
_ctextos Eva Pascual i Miró con la colaboración de M. Teresa Canals i Aromí
246 3 4 _bDiferentes técnicas de estampación sobre tejidos (moldes, serigrafía, batik, sertí...) explicadas con rigor y claridad
250 _aSegunda edición
264 1 _aBarcelona, España
_bParramón Ediciones
_c2007
_c2010
300 _a160 páginas
_bilustraciones, fotografías a color
_c31 cm
336 _atexto
_btxt
_2rdacontent
337 _asin mediación
_bn
_2rdamedia
338 _avolumen
_bnc
_2rdacarrier
490 0 _aColección artes y oficios
500 _aEn la carátula: Diferentes técnicas de estampación sobre tejidos (moldes, serigrafía, batik, sertí...) explicadas con rigor y claridad
504 _aIncluye referencias bibliográficas
505 0 0 _tBreve historia de la estampación
_tLas telas para estampación
_tMateriales y herramientas
_tProcesos técnicos
_tPaso a paso
521 _aRecomendado para público adulto
545 _aIncluye datos biográficos de los autores en la solapa
650 1 7 _aEstampación
_vManuales
_2LEMB
650 1 7 _aEstampado en tela
_vManuales
_2LEM
650 1 7 _aEstampación
_xTécnicas
_2LEMB
650 1 7 _aArtesanías textiles
_xEnseñanza
_xTécnicas
_2LEMB
700 1 _aCanals i Aromí, M. Teresa
_ecolaboradora
_9201327
942 _2ddc
_cBK
999 _c3326
_d3326